00425nam a2200145Ia 4500008004100000020001800041041000800059082001900067100001600086245006800102260003000170300003100200365001700231700003100248230718s9999 xx 000 0 und d a9788126154517 aeng a379.1'214bKAP aKapahi C.K. aNew UGC 12th Plan Grants, Guidelines And Model Curriculum Vol-2 c2014bAnmol Publications  a213-408dRef 412 G (47325) cRs.b1200.00 aKapahi C.K. & Ramaswamy B.